000 00762nam a2200181Ia 4500
008 100921s9999 xx 000 0 und d
082 _b40202
_a130 न 05
100 _aसुरेशानंद.
245 _aअतृप्त आत्म्यांचे जग.
260 _bफेमस बुक सेंटर,नागपूर.
_c2005
300 _a108
_bकलाभारती वितरण,पुणे
365 _b100
520 _aतत्वज्ञान-गूढ,अद्रभूत.
630 _aअतृप्त आत्म्यांचे जग.
650 _aतत्वज्ञान-गूढ,अद्रभूत.
730 _aअतृप्त आत्म्यांचे जग.
942 _cBOOK
999 _c789315
_d789312